| 000 | 00968nas a2200325 4500 | ||
|---|---|---|---|
| 001 | BR0903518 | ||
| 003 | BR-BrBNA | ||
| 005 | 20231205113441.0 | ||
| 007 | ta | ||
| 008 | 230509b bl.|||p| |||| 00| 00por d | ||
| 040 |
_aBR-BrBNA _bpor _cBiblioteca Nacional de Agricultura |
||
| 041 | _a(Pt) | ||
| 072 | _aK10 | ||
| 100 | 1 | _aCanto, J.L. do | |
| 100 | 1 | _aCoelho, F.M.G. | |
| 100 | 1 | _aNoce, R. | |
| 100 | 1 | _aMachado, C.C. | |
| 100 | 1 | _aRezende, J.L.P. de | |
| 100 | 1 | _aMendes, L.M. | |
| 100 | 1 | _aOliveira, J.M. de | |
| 245 | 1 | _aAspectos sociais do fomento florestal no estado do Espírito Santo | |
| 650 | _aPRODUÇÃO FLORESTAL | ||
| 650 | _aPRODUTOR RURAL | ||
| 650 | _aFOMENTO AGRÍCOLA | ||
| 650 | _aESPÍRITO SANTO | ||
| 773 | 0 |
_tCerne (Brazil) _xISSN 0104-7760 _g(Apr-Jun 2009), v. 15(2) p. 123-132 _wBR0903518 |
|
| 856 | 4 | 0 | _uhttp://www.aprh.pt/rgci/pdf/rgci-155_Borges.pdf |
| 909 |
_a202311 _bLúcia _c55 _dLúcia Elande |
||
| 942 |
_2AGRIS _n0 _cANA |
||
| 999 |
_c203838 _d203838 |
||